Регионална библиотека "Любен Каравелов" - Русе

Рим (Запис номер 79988)

MARC детайли
000 -Лидер
Контролно поле с фиксирана дължина 02044nam a2200469 c 4500
003 - Код на организацията, давaща контролен номер
Контролно поле BLK
005 - Дата и час на последна редакция
Контролно поле 20180420224506.0
008 - Елементи от данни с фиксирана дължина
fixed length control field 180408b bul|||||r ||||||| ||bul||
010 ## - Наследен системен номер
LC control number KNG00084472000
020 ## - Международен стандартен номер на книга ISBN
Международен стандартен номер на книга ISBN 978-954-330-097
-- издат.: Унискорп
040 ## - Източник на каталожния запис
Идентификатор на билиотеката - собственик на записа BLK
041 ## - Код за език
Код за езика на текст/звукозапис или на отделно заглавие Български
Код за езика КДБФ Български
080 ## - УДК
Текстов определител УДК Градове, изучаване и география
УДК код - определител по УДК 911.375
УДК определител (45-25)(035)
УДК - код + определител 911.375(45-25)(035)
080 ## - УДК
Текстов определител УДК Планиране на населените места по големина и предназначение - Столици, големи, средни и малки градове
УДК код - определител по УДК 711.43
УДК определител (45-25)(091)(035)
УДК - код + определител 711.43(45-25)(091)(035)
080 ## - УДК
Текстов определител УДК Архитектура
УДК код - определител по УДК 72
УДК определител (45-25)(091)(035)
УДК - код + определител 72(45-25)(091)(035)
100 1# - Редна дума - Автор
Автор Бонафу, Паскал
Авторска отговорност първи автор
R(LIN) 41194
139 ## - Редно поле
Редна дума Бонафу, Паскал
Авторски знак Бон - Б 62
245 10 - Сведения за заглавието
Заглавие Рим
Редно поле (дума) Паскал Бонафу; прев. от фр. Елена Константинова.
257 ## - Страна на издаване
Страна на създаване/издаване Франция
260 ## - Област на издателските данни
-- София
Име на издателя, разпространителя и проч. Унискорп
Година на издаване 2007
300 ## - Физическа характеристика
Страници 120 с.
Илюстрации и др. с цв. ил.
Размери/Мащаб 22 см
380 ## - Жанр
Жанр История
490 1# - СЕРИИ (Колекции)
Име на серия Енциклопедична колекция от А до Я
490 1# - СЕРИИ (Колекции)
-- Подсерия
Име на серия Серия Културно наследство
500 ## - Общи забележки
Забележка Без сведение за ориг. загл. - Хронология ; Практическа информация ; Показалец. - Библиогр. с. 120.
504 ## - Забележка за наличие на библиография и др
Забележка за наличие на библиография и под. 120
590 ## - Забележки на библиотеката, притежаваща документа (RLIN)
Служебно ф
650 #4 - Допълнително описание по предмет – тема
Основно описание – тема или топоним Градове - Европа
9 (RLIN) 272494
650 #4 - Допълнително описание по предмет – тема
Основно описание – тема или топоним Рим - пътеводители
9 (RLIN) 299443
651 #4 - Допълнително описание по предмет - топоним
Географско понятие Рим
9 (RLIN) 274875
651 #4 - Допълнително описание по предмет - топоним
Географско понятие Европа
9 (RLIN) 244407
653 ## - Ключова дума – ненормативна
Ключова дума градове
653 ## - Ключова дума – ненормативна
Ключова дума Рим
653 ## - Ключова дума – ненормативна
Ключова дума столици
653 ## - Ключова дума – ненормативна
Ключова дума пътеводители
700 1# - Други автори (авторска отговорност)
Лично име Константинова, Елена
Автороска отговорност (Описва отношението между автора и произведението) прев. от фр.
9 (RLIN) 246444
852 ## - Местоположение
Форматна сигнатура Цб 240543
856 4# - Електронен адрес и достъп
Електронен формат pdf - файл
Път до файла /url/
856 4# - Електронен адрес и достъп
Електронен формат pdf - файл
Път до файла /url/
942 ## - АРТИКУЛИ
Вид на библиотечния материал Книги
Скрит в OPAC Не
944 ## - СЪЗДАВАНЕ И РЕДАКЦИЯ на ЗАПИСА
Създаване/Редакция Създаване
Дата на регистрацията/редакция 15.07.2008
Служител, извършил регистрацията/редакцията Людмила_Стоянова
944 ## - СЪЗДАВАНЕ И РЕДАКЦИЯ на ЗАПИСА
Създаване/Редакция Редакция
Дата на регистрацията/редакция 18.02.2015
Служител, извършил регистрацията/редакцията Пенка_Димитрова
999 ## - СИСТЕМНИ КОНТРОЛНИ НОМЕРА
Koha biblionumber 79988
Koha biblioitemnumber 79988
Наличности
Код за отписване Код за изгубен артикул Код за повреда Коз за рестрикции Код за отдаване Артикулен № Име на библиотеката - собственик Име на библиотеката, в която се намира в момента Статус (Текущо местоположение) Дата на вписване в системата Местоположение - отдел Цена в лева Инвентарен номер Систематично азбучна сигнатура Баркод Номер на екземпляра Цена в евро Служебна бележка Служебен тип на артикула Източник на класификационната схема
  Не е изгубен Не е повреден без рестрикции ползва се в читалня 129542 Регионална библиотека "Любен Каравелов" Русе Регионална библиотека "Любен Каравелов" Русе Читалня 2008-07-15 Читалня 12.00 120000727440 Ч 91/Б 62 120000727440 1 6.14 Дост: Pk Вид: Ф N: 194 Дата: 11.07.2008 Дата инв: 27.03.2017 Бележки инв: Ч2017 Книги  
Изтеглен Не е изгубен Не е повреден без рестрикции заемане за дома 129543 Регионална библиотека "Любен Каравелов" Русе Регионална библиотека "Любен Каравелов" Русе Заемна - подръчен фонд 2008-09-24 Заемна - подръчен фонд 12.00 120000729237 П 911/Б 62 120000729237 2 6.14 Дост: Pk Вид: Ф N: 8927 Дата: 24.09.2008 Книги Universal Decimal Classification
  Не е изгубен Не е повреден без рестрикции ползва се в читалня 129544 Регионална библиотека "Любен Каравелов" Русе Регионална библиотека "Любен Каравелов" Русе Хранилище 2015-02-18 Хранилище 12.00 120000785451 Цб 240543 120000785451 3 6.14 Дост: Dp Вид: Д N: 25 Дата: 31.05.2014 Книги  
Vip Innovations Ltd, Rousse, Bulgaria 2025